| 000 | 00915cam a22002775a 4500 | ||
|---|---|---|---|
| 001 | 12810529 | ||
| 005 | 20160110145109.0 | ||
| 008 | 020607t2004 nyua frd 001 0 eng d | ||
| 020 | _a1563673010 | ||
| 020 | _a9781563673016 | ||
| 040 |
_aDLC _beng _cDLC _dDLC _dEG-ScBUE |
||
| 043 | _an-us--- | ||
| 082 | 0 | 4 |
_a684.10688 _222 _bBEN |
| 100 | 1 |
_aBennington, Richard R. _939002 |
|
| 245 | 1 | 0 |
_aFurniture marketing : _bfrom product development to distribution / _cRichard R. Bennington. |
| 250 | _a2nd ed. | ||
| 260 |
_aNew York : _bFairchild Publications, _cc.2004. |
||
| 300 |
_axv, 447 p. : _bill. ; _c25 cm. |
||
| 500 | _aIndex : p. 433-447. | ||
| 500 | _aGlossary : p. 401-432. | ||
| 650 | 0 |
_aFurniture industry and trade _zUnited States. _2BUEsh |
|
| 650 | 7 |
_aFurniture _xMarketing. _2BUEsh _939003 |
|
| 650 | 7 |
_aFurniture industry and trade. _939004 |
|
| 653 |
_bBUSADM _cJune2015 _cJanuary2016 |
||
| 942 | _2ddc | ||
| 999 |
_c20077 _d20049 |
||